=LDR 00000nam 2200000 4500 =001 INLIS000000000007868 =005 20130612095813 =008 ***********************************Ind** =035 ##$$0010-061300000007868 =041 ##$$a Ind =082 ##$$a 796.4 =090 ##$$a 796.4, Pri s =100 ##$$a Primadi, Hasmah =245 ##$$a Senam hamil, Hasanah Primadi =260 ##$$a 1997 $b Bandung =300 ##$$a ix, 65 hlm, ilus, 21 cm =650 ##$$a Senam Hamil =850 ##$$a NBPNMAT